[Event "Scarborough CC Spring Swiss"]
[Site "Toronto CAN"]
[Date "2008.03.20"]
[Round "2"]
[White "Wang, Jesse BJ"]
[Black "Rutherdale, William"]
[Result "0-1"]
[WhiteElo "1874"]
[BlackElo "1792"]
[PlyCount "64"]
[GameId "2160767910413155"]
[EventDate "2008.03.13"]
[EventType "swiss"]
[EventRounds "8"]
[EventCountry "CAN"]

1. e4 c6 2. d4 d5 3. f3 g6 4. Nc3 Bg7 5. Be3 e5 6. dxe5 Bxe5 7. Bd4 Qh4+ 8. g3 Bxg3+ 9. hxg3 Qxh1 10. exd5 Qh2 11. Bf2 Ne7 12. d6 Nd5 13. Qe2+ Be6 14. Nxd5 cxd5 15. Qe5 Rg8 16. Bb5+ Kd8 17. Qf6+ Kc8 18. Qe7 Nd7 19. Rd1 a6 20. Ba4 b5 21. Bb3 Qh5 22. Rd3 Qe5+ 23. Kd2 Qf6 24. Rc3+ Kb8 25. Ne2 Qxe7 26. dxe7 Re8 27. Nd4 Kb7 28. Nc6 Rac8 29. Na5+ Ka8 30. Nc6 Nf6 31. Bb6 Kb7 32. Nd8+ Kxb6 0-1

[Event "Scarborough CC Spring Swiss"]
[Site "Toronto CAN"]
[Date "2008.03.20"]
[Round "2"]
[White "Wu, Aaron"]
[Black "Paterson, Jim"]
[Result "1-0"]
[WhiteElo "1724"]
[BlackElo "1821"]
[PlyCount "95"]
[GameId "2160767910413156"]
[EventDate "2008.03.13"]
[EventType "swiss"]
[EventRounds "8"]
[EventCountry "CAN"]
[SourceTitle "EXT 2011"]
[Source "ChessBase"]
[SourceDate "2011.11.26"]
[SourceVersion "1"]
[SourceVersionDate "2011.11.26"]
[SourceQuality "1"]

1. e4 g6 2. d4 Bg7 3. Nc3 c5 4. Nf3 cxd4 5. Nxd4 d6 6. Be3 Nc6 7. Qd2 Bd7 8. f3 h5 9. Bc4 a6 10. O-O-O Nxd4 11. Bxd4 Bxd4 12. Qxd4 Rh7 13. e5 dxe5 14. Qxe5 Qb8 15. Qd4 Bc6 16. Rhe1 Qc7 17. Ne4 Bxe4 18. Qxe4 Rc8 19. Bb3 Nf6 20. Qd4 Ng8 21. Qh4 Rd8 22. Rxd8+ Kxd8 23. Qd4+ Ke8 24. Qa7 Kf8 25. Qa8+ Kg7 26. Qe8 Qf4+ 27. Kb1 Qf6 28. Rd1 Nh6 29. Rd8 Qh4 30. a3 Qe1+ 31. Ka2 Kf6 32. Rb8 Nf5 33. Rxb7 Nd4 34. Rb6+ Ne6 35. Rxa6 Qe2 36. Qc8 g5 37. Qc3+ Kg6 38. Qd3+ Qxd3 39. cxd3 Kf5 40. Bxe6+ fxe6 41. g3 Rh8 42. Ra5+ Kf6 43. Kb1 g4 44. f4 h4 45. Rg5 hxg3 46. hxg3 Rh2 47. Re5 Rg2 48. Re3 1-0

[Event "Scarborough CC Spring Swiss"]
[Site "Toronto CAN"]
[Date "2008.03.27"]
[Round "3"]
[White "Arfin, Sam"]
[Black "Wu, Aaron"]
[Result "1/2-1/2"]
[WhiteElo "1689"]
[BlackElo "1724"]
[PlyCount "75"]
[GameId "2160767910413157"]
[EventDate "2008.03.13"]
[EventType "swiss"]
[EventRounds "8"]
[EventCountry "CAN"]
[SourceTitle "EXT 2011"]
[Source "ChessBase"]
[SourceDate "2011.11.26"]
[SourceVersion "1"]
[SourceVersionDate "2011.11.26"]
[SourceQuality "1"]

1. e4 c5 2. Nc3 Nc6 3. f4 d6 4. Nf3 Nf6 5. Bb5 Bd7 6. O-O a6 7. Bxc6 Bxc6 8. d3 e6 9. Qe1 d5 10. Ne5 Qc7 11. Nxc6 Qxc6 12. exd5 Nxd5 13. Nxd5 Qxd5 14. f5 e5 15. f6 gxf6 16. Rxf6 Be7 17. Rf5 f6 18. Qe4 Qxe4 19. dxe4 O-O-O 20. Kf2 Rd4 21. Ke3 Rg8 22. c3 Rd1 23. Kf2 c4 24. b4 Rd3 25. Rf3 Rgd8 26. Bh6 Rxf3+ 27. gxf3 Rd3 28. Rc1 Kd7 29. Ke2 Ke8 30. Bd2 Kf7 31. Rg1 Rd8 32. Bh6 Rg8 33. Rxg8 Kxg8 34. f4 Kf7 35. f5 Bf8 36. Bxf8 Kxf8 37. a4 b6 38. h4 1/2-1/2

[Event "Scarborough CC Spring Swiss"]
[Site "Toronto CAN"]
[Date "2008.03.27"]
[Round "3"]
[White "Armstrong, Robert J"]
[Black "Chapin, Sam"]
[Result "1/2-1/2"]
[WhiteElo "1834"]
[BlackElo "1779"]
[PlyCount "62"]
[GameId "2160767910413158"]
[EventDate "2008.03.13"]
[EventType "swiss"]
[EventRounds "8"]
[EventCountry "CAN"]
[SourceTitle "EXT 2011"]
[Source "ChessBase"]
[SourceDate "2011.11.26"]
[SourceVersion "1"]
[SourceVersionDate "2011.11.26"]
[SourceQuality "1"]

1. d4 d5 2. c4 c6 3. e3 Nf6 4. Nf3 e6 5. Bd3 dxc4 6. Bxc4 b5 7. Bd3 Bb4+ 8. Bd2 Bxd2+ 9. Qxd2 O-O 10. O-O Nbd7 11. b4 Qc7 12. Qc2 a6 13. Nbd2 Bb7 14. Nb3 e5 15. Na5 exd4 16. exd4 g6 17. Rac1 Nd5 18. a3 Rac8 19. Be4 N7f6 20. Ne5 Nxe4 21. Qxe4 Rfe8 22. Qf3 Re6 23. Rc5 f6 24. Nexc6 Bxc6 25. Nxc6 Rxc6 26. Qxd5+ Kg7 27. Rfc1 Rxc5 28. Rxc5 Qe7 29. g3 Rd8 30. Qf3 Rxd4 31. Rc6 Rd6 1/2-1/2

[Event "Scarborough CC Spring Swiss"]
[Site "Toronto CAN"]
[Date "2008.03.27"]
[Round "3"]
[White "Bossy, John"]
[Black "Moysoski, Randy"]
[Result "0-1"]
[WhiteElo "1936"]
[BlackElo "1845"]
[PlyCount "66"]
[GameId "2160767910413159"]
[EventDate "2008.03.13"]
[EventType "swiss"]
[EventRounds "8"]
[EventCountry "CAN"]
[SourceTitle "EXT 2011"]
[Source "ChessBase"]
[SourceDate "2011.11.26"]
[SourceVersion "1"]
[SourceVersionDate "2011.11.26"]
[SourceQuality "1"]

1. e4 d5 2. exd5 Nf6 3. d4 Bg4 4. Nf3 Qxd5 5. Be2 Nbd7 6. Nc3 Qa5 7. Bd2 c6 8. h3 Bf5 9. Bc4 e6 10. Qe2 Qc7 11. O-O-O b5 12. Bb3 a5 13. g4 Bg6 14. d5 Nxd5 15. Bxd5 cxd5 16. Bg5 Rc8 17. Nd4 Qc4 18. Rhe1 e5 19. f4 f6 20. Bh4 Bb4 21. Ndxb5 O-O 22. Rxd5 Qxf4+ 23. Qd2 Qxd2+ 24. Rxd2 Nb6 25. Bf2 Nc4 26. Rdd1 Be8 27. Re2 Bc6 28. a3 Bxc3 29. Nxc3 Bf3 30. Ree1 Bxd1 31. Rxd1 Nxa3 32. Rd5 Nc4 33. Na4 Rfd8 0-1

[Event "Scarborough CC Spring Swiss"]
[Site "Toronto CAN"]
[Date "2008.03.27"]
[Round "3"]
[White "Casareno, Erwin"]
[Black "Hall, John2"]
[Result "0-1"]
[WhiteElo "2242"]
[BlackElo "2115"]
[PlyCount "110"]
[GameId "2160767910413160"]
[EventDate "2008.03.13"]
[EventType "swiss"]
[EventRounds "8"]
[EventCountry "CAN"]
[SourceTitle "EXT 2011"]
[Source "ChessBase"]
[SourceDate "2011.11.26"]
[SourceVersion "1"]
[SourceVersionDate "2011.11.26"]
[SourceQuality "1"]

1. e4 e5 2. Nf3 Nc6 3. Bc4 Nf6 4. Ng5 d5 5. exd5 Na5 6. Bb5+ c6 7. dxc6 bxc6 8. Qf3 Be7 9. Bxc6+ Nxc6 10. Qxc6+ Bd7 11. Qf3 Rc8 12. Nc3 O-O 13. O-O Bc6 14. Qe2 h6 15. Nf3 e4 16. Ne5 Bb7 17. d3 Qd4 18. Bf4 exd3 19. Nxd3 Rfe8 20. Qe5 Qd7 21. Qa5 Bd8 22. Qa3 Qc6 23. f3 Bb6+ 24. Kh1 Nh5 25. Qd6 Qc4 26. Rae1 Rcd8 27. Rxe8+ Rxe8 28. Bg3 Qc8 29. Re1 Rxe1+ 30. Bxe1 Nf6 31. Bg3 Qe8 32. Qb8 Bc8 33. Qe5 Qc6 34. h3 Bxh3 35. Qb8+ Bc8 36. Be5 Nd7 37. Qd6 Nxe5 38. Qxe5 Qg6 39. Nd5 Kh7 40. Ne7 Qe6 41. Nxc8 Qxc8 42. Qe4+ f5 43. Qe2 Qc4 44. g3 Qxa2 45. Kg2 Qb1 46. Kh3 Qh1+ 47. Qh2 Qxf3 48. Nf4 g5 49. Nd3 f4 50. Ne5 Qh5+ 51. Kg2 Qe2+ 52. Kh3 Qxe5 53. Qd2 Qe6+ 54. g4 Qe3+ 55. Qxe3 fxe3 0-1

[Event "Scarborough CC Spring Swiss"]
[Site "Toronto CAN"]
[Date "2008.03.27"]
[Round "3"]
[White "Douglas, Richard"]
[Black "Moran-Venegas, Mario"]
[Result "0-1"]
[WhiteElo "1781"]
[BlackElo "1707"]
[PlyCount "76"]
[GameId "2160767910413161"]
[EventDate "2008.03.13"]
[EventType "swiss"]
[EventRounds "8"]
[EventCountry "CAN"]
[SourceTitle "EXT 2011"]
[Source "ChessBase"]
[SourceDate "2011.11.26"]
[SourceVersion "1"]
[SourceVersionDate "2011.11.26"]
[SourceQuality "1"]

1. e4 e5 2. Nf3 Nc6 3. Bc4 Nf6 4. d3 d6 5. Ng5 d5 6. exd5 Nxd5 7. O-O f6 8. Ne4 Be6 9. Bxd5 Qxd5 10. Nbc3 Qd7 11. f4 O-O-O 12. fxe5 Nxe5 13. Bf4 Qd4+ 14. Kh1 a6 15. a3 Ng4 16. Qd2 g5 17. Bg3 h5 18. Ne2 Qxe4 19. Rae1 Qe3 20. Qa5 Qc5 21. Qxc5 Bxc5 22. d4 Bd6 23. Bxd6 Rxd6 24. c3 Bc4 25. h3 Ne3 26. Rf2 f5 27. Ng3 f4 28. Ne4 Rg6 29. Nc5 b6 30. b3 bxc5 31. bxc4 cxd4 32. cxd4 Nxc4 33. a4 Rd6 34. Re4 Rhd8 35. d5 Ne3 36. h4 Rxd5 37. hxg5 Rd1+ 38. Kh2 Ng4+ 0-1

[Event "Scarborough CC Spring Swiss"]
[Site "Toronto CAN"]
[Date "2008.03.27"]
[Round "3"]
[White "Ferreira, Alex"]
[Black "Yuan, Yuanling"]
[Result "1/2-1/2"]
[WhiteElo "2016"]
[BlackElo "2202"]
[PlyCount "101"]
[GameId "2160767910413162"]
[EventDate "2008.03.13"]
[EventType "swiss"]
[EventRounds "8"]
[EventCountry "CAN"]
[SourceTitle "EXT 2011"]
[Source "ChessBase"]
[SourceDate "2011.11.26"]
[SourceVersion "1"]
[SourceVersionDate "2011.11.26"]
[SourceQuality "1"]

1. e4 c5 2. Nf3 d6 3. d4 cxd4 4. Nxd4 Nf6 5. Nc3 g6 6. Be3 Bg7 7. Be2 Nc6 8. Nxc6 bxc6 9. Qd2 Ng4 10. Bxg4 Bxg4 11. f3 Be6 12. Bd4 O-O 13. Bxg7 Kxg7 14. h4 h6 15. O-O-O Qa5 16. Kb1 Rab8 17. b3 Qb6 18. Rhg1 a5 19. g4 Qb4 20. f4 a4 21. Qd4+ Qxd4 22. Rxd4 axb3 23. axb3 c5 24. Rd2 c4 25. f5 Bd7 26. Kb2 Rb7 27. Rg3 Bc6 28. Rd4 cxb3 29. cxb3 Rfb8 30. Na2 Kf6 31. Rc4 Rb6 32. Rgc3 Ba8 33. Nc1 d5 34. exd5 Bxd5 35. Rc5 e6 36. fxe6 fxe6 37. Rg3 g5 38. h5 Rb4 39. Rc7 R8b7 40. Rxb7 Rxb7 41. Kc3 e5 42. Kd2 Rb4 43. Kc3 Rb6 44. Re3 Ke6 45. Re1 Bf3 46. Nd3 Rb5 47. Kc4 Bc6 48. Nc5+ Kd6 49. Rd1+ Ke7 50. Re1 Kd6 51. Rd1+ 1/2-1/2

[Event "Scarborough CC Spring Swiss"]
[Site "Toronto CAN"]
[Date "2008.03.27"]
[Round "3"]
[White "Perez, Michael"]
[Black "Bellomo, Joe"]
[Result "1-0"]
[WhiteElo "1728"]
[BlackElo "1723"]
[PlyCount "51"]
[GameId "2160767910413163"]
[EventDate "2008.03.13"]
[EventType "swiss"]
[EventRounds "8"]
[EventCountry "CAN"]
[SourceTitle "EXT 2011"]
[Source "ChessBase"]
[SourceDate "2011.11.26"]
[SourceVersion "1"]
[SourceVersionDate "2011.11.26"]
[SourceQuality "1"]

1. e4 c5 2. d4 cxd4 3. Bc4 e6 4. Qxd4 Nc6 5. Qe3 b6 6. Nf3 Bc5 7. Qe2 Bb7 8. c3 Qc7 9. b4 Be7 10. O-O Ne5 11. Nxe5 Qxe5 12. f3 Bxb4 13. cxb4 Qxa1 14. Bb2 Qxb2 15. Qxb2 Nf6 16. Nc3 O-O 17. e5 Nd5 18. Ne4 Ne3 19. Rc1 Rac8 20. Nd6 Nxc4 21. Rxc4 Rxc4 22. Nxc4 Bd5 23. Nd6 f6 24. Qa3 fxe5 25. Qxa7 Bc6 26. b5 1-0

[Event "Scarborough CC Spring Swiss"]
[Site "Toronto CAN"]
[Date "2008.03.27"]
[Round "3"]
[White "Rutherdale, William"]
[Black "Manalo, Pepin"]
[Result "0-1"]
[WhiteElo "1792"]
[BlackElo "1837"]
[PlyCount "144"]
[GameId "2160767910413164"]
[EventDate "2008.03.13"]
[EventType "swiss"]
[EventRounds "8"]
[EventCountry "CAN"]
[SourceTitle "EXT 2011"]
[Source "ChessBase"]
[SourceDate "2011.11.26"]
[SourceVersion "1"]
[SourceVersionDate "2011.11.26"]
[SourceQuality "1"]

1. c4 Nf6 2. d4 e6 3. Nc3 d5 4. cxd5 exd5 5. e3 c6 6. Bd3 Bb4 7. Bd2 Qe7 8. Nge2 Bg4 9. h3 Bd7 10. Qc2 a5 11. g4 h6 12. Ng3 Na6 13. Nf5 Bxf5 14. Bxf5 Nc7 15. g5 hxg5 16. Rg1 Rh5 17. O-O-O Bxc3 18. bxc3 Qa3+ 19. Kb1 Ra6 20. e4 Rb6+ 21. Ka1 dxe4 22. Rxg5 Rxg5 23. Bxg5 Ncd5 24. Bxf6 Nxf6 25. Bxe4 Kf8 26. Bf3 a4 27. Rg1 Rb3 28. Rc1 Rb5 29. Rb1 Rxb1+ 30. Kxb1 Nd5 31. Bxd5 cxd5 32. Qb2 Qe7 33. Qd2 a3 34. Qe3 Qd7 35. Qd3 Qc6 36. Qc2 Qb5+ 37. Ka1 Qf1+ 38. Qb1 Qxh3 39. Qb4+ Kg8 40. Qxa3 Qf1+ 41. Kb2 Qxf2+ 42. Kb3 Qf5 43. Qd6 g5 44. Kb4 Qc2 45. Kb5 Qb2+ 46. Kc5 Qxc3+ 47. Kxd5 Qf3+ 48. Kc4 Qc6+ 49. Qxc6 bxc6 50. a4 g4 51. a5 g3 52. a6 g2 53. a7 g1=Q 54. a8=Q+ Kg7 55. Qxc6 Qc1+ 56. Kd5 Qg5+ 57. Kd6 Qf6+ 58. Kc5 Qf5+ 59. d5 Qc2+ 60. Kb6 Qb3+ 61. Qb5 Qe3+ 62. Kc6 Qe7 63. d6 Qe4+ 64. Kc7 Qc2+ 65. Qc6 Qh2 66. Qc3+ f6 67. Qe3 Qc2+ 68. Kd7 Qa4+ 69. Ke7 Qb4 70. Qe6 Qb7+ 71. d7 Qb4+ 72. Ke8 Qf8# 0-1

[Event "Scarborough CC Spring Swiss"]
[Site "Toronto CAN"]
[Date "2008.03.27"]
[Round "3"]
[White "Samaroo, Muneshwar"]
[Black "Wang, Jesse BJ"]
[Result "0-1"]
[WhiteElo "1590"]
[BlackElo "1874"]
[PlyCount "37"]
[GameId "2160767910413165"]
[EventDate "2008.03.13"]
[EventType "swiss"]
[EventRounds "8"]
[EventCountry "CAN"]

1. e4 c5 2. Nf3 d6 3. Bc4 e6 4. Nc3 Nf6 5. d3 Be7 6. O-O O-O 7. a3 d5 8. Ba2 Nc6 9. h3 d4 10. Ne2 Qd6 11. Bf4 e5 12. Bd2 h6 13. Nh2 b5 14. f4 c4 15. c3 Qc5 16. Kh1 Ba6 17. Rf3 b4 18. Bxc4 dxc3 19. bxc3 0-1

[Event "Scarborough CC Spring Swiss"]
[Site "Toronto CAN"]
[Date "2008.03.27"]
[Round "3"]
[White "Verde, Pino"]
[Black "Kurkowski, Ken"]
[Result "0-1"]
[WhiteElo "1707"]
[BlackElo "1735"]
[PlyCount "52"]
[GameId "2160767910413166"]
[EventDate "2008.03.13"]
[EventType "swiss"]
[EventRounds "8"]
[EventCountry "CAN"]
[SourceTitle "EXT 2011"]
[Source "ChessBase"]
[SourceDate "2011.11.26"]
[SourceVersion "1"]
[SourceVersionDate "2011.11.26"]
[SourceQuality "1"]

1. e4 e5 2. Bc4 Nf6 3. d3 Nc6 4. Nf3 Be7 5. c3 O-O 6. h4 d5 7. exd5 Nxd5 8. Ng5 h6 9. Bb3 hxg5 10. hxg5 g6 11. Qf3 Bxg5 12. Bxg5 Qxg5 13. Nd2 Nf6 14. O-O-O Bg4 15. Qg3 Nh5 16. Rxh5 Qxh5 17. f3 Bf5 18. Nc4 Rad8 19. Nxe5 Nxe5 20. Qxe5 Rxd3 21. Re1 Qg5+ 22. f4 Qxg2 23. Re2 Qf3 24. Re1 Rd6 25. Re3 Qf1+ 26. Re1 Qd3 0-1

[Event "Scarborough CC Spring Swiss"]
[Site "Toronto CAN"]
[Date "2008.04.03"]
[Round "4"]
[White "Bellomo, Joe"]
[Black "Paterson, Jim"]
[Result "0-1"]
[WhiteElo "1764"]
[BlackElo "1821"]
[PlyCount "108"]
[GameId "2160767910413167"]
[EventDate "2008.03.13"]
[EventType "swiss"]
[EventRounds "8"]
[EventCountry "CAN"]
[SourceTitle "EXT 2011"]
[Source "ChessBase"]
[SourceDate "2011.11.26"]
[SourceVersion "1"]
[SourceVersionDate "2011.11.26"]
[SourceQuality "1"]

1. e4 e6 2. d4 c5 3. Nf3 cxd4 4. Nxd4 a6 5. Be2 Nc6 6. Nf3 Nf6 7. Nc3 Qc7 8. O-O Bd6 9. h3 Bf4 10. Re1 Bxc1 11. Qxc1 b5 12. Qg5 O-O 13. a3 h6 14. Qe3 Ne7 15. Rad1 d5 16. exd5 Nexd5 17. Nxd5 Nxd5 18. Qe4 Qf4 19. Bd3 Qxe4 20. Rxe4 Bb7 21. Ree1 Nf6 22. Ne5 Rfd8 23. Kh2 Rd5 24. g4 g5 25. f3 Rad8 26. Kg3 Kg7 27. Re3 Rd4 28. c3 R4d6 29. Ree1 Bd5 30. Bc2 Bb7 31. Rxd6 Rxd6 32. Rd1 Rxd1 33. Bxd1 Nd5 34. Bc2 Kf6 35. Nd3 Ke7 36. Nc5 Bc8 37. Be4 Kd6 38. Nb3 Ne3 39. Bb1 Nd1 40. f4 Nxb2 41. fxg5 hxg5 42. Nd2 Bb7 43. Ne4+ Bxe4 44. Bxe4 Na4 45. h4 gxh4+ 46. Kxh4 Nxc3 47. Bb7 a5 48. Kg5 Ke5 49. Kh5 b4 50. axb4 axb4 51. Ba6 b3 52. Bd3 b2 53. g5 b1=Q 54. Bxb1 Nxb1 0-1

[Event "Scarborough CC Spring Swiss"]
[Site "Toronto CAN"]
[Date "2008.04.03"]
[Round "4"]
[White "Fan, Yibing"]
[Black "Gillis, Doug"]
[Result "0-1"]
[WhiteElo "1822"]
[BlackElo "1561"]
[PlyCount "38"]
[GameId "2160767910413168"]
[EventDate "2008.03.13"]
[EventType "swiss"]
[EventRounds "8"]
[EventCountry "CAN"]
[SourceTitle "EXT 2011"]
[Source "ChessBase"]
[SourceDate "2011.11.26"]
[SourceVersion "1"]
[SourceVersionDate "2011.11.26"]
[SourceQuality "1"]

1. d4 e6 2. c4 Nf6 3. Nc3 Bb4 4. e3 Ne4 5. Qc2 f5 6. Bd3 O-O 7. Bxe4 fxe4 8. Qxe4 d5 9. Qd3 Qg5 10. g3 dxc4 11. Qxc4 Nc6 12. a3 Bxc3+ 13. bxc3 Qf5 14. Qe2 b6 15. e4 Qa5 16. Bd2 Ba6 17. Qg4 Qb5 18. Qxe6+ Kh8 19. a4 Qf1# 0-1

[Event "Scarborough CC Spring Swiss"]
[Site "Toronto CAN"]
[Date "2008.04.03"]
[Round "4"]
[White "Hall, John2"]
[Black "Moysoski, Randy"]
[Result "1-0"]
[WhiteElo "2115"]
[BlackElo "1845"]
[PlyCount "55"]
[GameId "2160767910413169"]
[EventDate "2008.03.13"]
[EventType "swiss"]
[EventRounds "8"]
[EventCountry "CAN"]
[SourceTitle "EXT 2011"]
[Source "ChessBase"]
[SourceDate "2011.11.26"]
[SourceVersion "1"]
[SourceVersionDate "2011.11.26"]
[SourceQuality "1"]

1. d4 g6 2. c4 Bg7 3. e4 d6 4. Nc3 Na6 5. f4 c5 6. d5 Nc7 7. Nf3 a6 8. a4 Bd7 9. a5 Rb8 10. Bd3 e6 11. O-O Ne7 12. e5 Nf5 13. Bxf5 gxf5 14. exd6 Na8 15. Ne5 O-O 16. Re1 exd5 17. Nxd5 Be6 18. Be3 Bxd5 19. Qxd5 b6 20. Nc6 Qd7 21. Nxb8 Rxb8 22. Bf2 Bf6 23. axb6 Nxb6 24. Qxc5 Qb7 25. Qxb6 Qxb6 26. Bxb6 Rxb6 27. d7 Rd6 28. Rad1 1-0

[Event "Scarborough CC Spring Swiss"]
[Site "Toronto CAN"]
[Date "2008.04.03"]
[Round "4"]
[White "Manalo, Pepin"]
[Black "Casareno, Erwin"]
[Result "1/2-1/2"]
[WhiteElo "1837"]
[BlackElo "2242"]
[PlyCount "90"]
[GameId "2160767910413170"]
[EventDate "2008.03.13"]
[EventType "swiss"]
[EventRounds "8"]
[EventCountry "CAN"]
[SourceTitle "EXT 2011"]
[Source "ChessBase"]
[SourceDate "2011.11.26"]
[SourceVersion "1"]
[SourceVersionDate "2011.11.26"]
[SourceQuality "1"]

1. d4 g6 2. e4 d6 3. Nc3 Nf6 4. Bc4 Bg7 5. f3 c6 6. Be3 Qc7 7. Bb3 Nbd7 8. Qd2 h6 9. Nge2 b5 10. a3 a6 11. O-O-O Bb7 12. g4 O-O-O 13. Bxf7 Nf8 14. Bb3 N6d7 15. h4 e5 16. h5 g5 17. Ng3 exd4 18. Bxd4 Ne5 19. Qf2 c5 20. Bxe5 Bxe5 21. Nd5 Qg7 22. c4 Ne6 23. Nf5 Qf7 24. Nfe7+ Kb8 25. Ng6 Nd4 26. Ba2 Rhe8 27. Nxe5 Rxe5 28. Rhf1 Bxd5 29. cxd5 Rf8 30. Qe3 Qf4 31. Qxf4 Rxf4 32. Bb1 Nxf3 33. Rd3 Nd4 34. Rxf4 gxf4 35. Rd1 Rg5 36. Re1 f3 37. Kd2 Rxg4 38. Ke3 Rg2 39. b4 Rh2 40. bxc5 dxc5 41. Kd3 Kc7 42. Rg1 Rxh5 43. Rg7+ Kd6 44. Rg6+ Ke5 45. d6 Rh3 1/2-1/2

[Event "Scarborough CC Spring Swiss"]
[Site "Toronto CAN"]
[Date "2008.04.03"]
[Round "4"]
[White "Rutherdale, William"]
[Black "Bossy, John"]
[Result "0-1"]
[WhiteElo "1792"]
[BlackElo "1936"]
[PlyCount "28"]
[GameId "2160767910413171"]
[EventDate "2008.03.13"]
[EventType "swiss"]
[EventRounds "8"]
[EventCountry "CAN"]
[SourceTitle "EXT 2011"]
[Source "ChessBase"]
[SourceDate "2011.11.26"]
[SourceVersion "1"]
[SourceVersionDate "2011.11.26"]
[SourceQuality "1"]

1. d4 Nf6 2. c4 e6 3. Nc3 Bb4 4. Qc2 O-O 5. g3 c5 6. e3 Nc6 7. Nge2 d5 8. cxd5 Qxd5 9. Rg1 cxd4 10. Bg2 dxc3 11. bxc3 Qc5 12. Qb3 Rd8 13. Bxc6 Qxc6 14. cxb4 e5 0-1

[Event "Scarborough CC Spring Swiss"]
[Site "Toronto CAN"]
[Date "2008.04.03"]
[Round "4"]
[White "Wang, Jerry ZS"]
[Black "Armstrong, Robert J"]
[Result "1-0"]
[WhiteElo "1705"]
[BlackElo "1834"]
[PlyCount "61"]
[GameId "2160767910413172"]
[EventDate "2008.03.13"]
[EventType "swiss"]
[EventRounds "8"]
[EventCountry "CAN"]
[SourceTitle "EXT 2011"]
[Source "ChessBase"]
[SourceDate "2011.11.26"]
[SourceVersion "1"]
[SourceVersionDate "2011.11.26"]
[SourceQuality "1"]

1. e4 g6 2. d4 Bg7 3. Nc3 d6 4. Bc4 Nf6 5. Qe2 O-O 6. e5 Ng4 7. Bf4 dxe5 8. dxe5 Nh6 9. Nf3 c6 10. O-O b5 11. Bb3 a5 12. a4 b4 13. Rad1 Qc7 14. Ne4 Bg4 15. Ned2 e6 16. Rfe1 Nd7 17. h3 Bxf3 18. Qxf3 Nf5 19. Nc4 Nb6 20. g4 Nxc4 21. gxf5 Nxe5 22. Qg3 f6 23. Bxe6+ Kh8 24. fxg6 h6 25. Rd7 Qb6 26. Rxe5 fxe5 27. Bxh6 Rf7 28. Bxg7+ Kxg7 29. Rxf7+ Kg8 30. Qxe5 Qxf2+ 31. Rxf2# 1-0

[Event "Scarborough CC Spring Swiss"]
[Site "Toronto CAN"]
[Date "2008.04.03"]
[Round "4"]
[White "Wang, Jesse BJ"]
[Black "Arfin, Sam"]
[Result "1-0"]
[WhiteElo "1874"]
[BlackElo "1689"]
[PlyCount "105"]
[GameId "2160767910413173"]
[EventDate "2008.03.13"]
[EventType "swiss"]
[EventRounds "8"]
[EventCountry "CAN"]

1. e4 c5 2. Nc3 g6 3. f4 Bg7 4. Nf3 Nc6 5. Bb5 Nd4 6. Nxd4 cxd4 7. Ne2 e6 8. c3 Qa5 9. Bd3 dxc3 10. bxc3 Ne7 11. Bc2 d5 12. e5 Bd7 13. a4 Bb5 14. Ba3 Bxe2 15. Qxe2 Nc6 16. Qb5 Qxb5 17. axb5 Na5 18. Bb4 Nc4 19. Ke2 Kd7 20. d3 Nb6 21. Ra2 Bf8 22. Bxf8 Rhxf8 23. Rha1 Nc8 24. Ke3 Kc7 25. c4 dxc4 26. dxc4 Kb6 27. Be4 Ne7 28. Rd2 Rfd8 29. Rad1 Rxd2 30. Rxd2 Kc7 31. g4 Rh8 32. Bxb7 Kxb7 33. Rd7+ Kb6 34. Rxe7 Rf8 35. Rd7 a5 36. Kd4 Ra8 37. Rd6+ Kb7 38. Kc5 a4 39. Rd7+ Kc8 40. Rd2 Kb7 41. Kb4 Rc8 42. c5 Ra8 43. Rd7+ Kc8 44. Rxf7 a3 45. Rf8+ Kb7 46. c6+ Kb6 47. Rxa8 a2 48. Ra6+ Kc7 49. Rxa2 Kb8 50. b6 h6 51. g5 h5 52. h4 Kc8 53. Ra8# 1-0

[Event "Scarborough CC Spring Swiss"]
[Site "Toronto CAN"]
[Date "2008.04.03"]
[Round "4"]
[White "Wu, Aaron"]
[Black "Sherman, Joshua"]
[Result "0-1"]
[WhiteElo "1724"]
[BlackElo "1849"]
[PlyCount "56"]
[GameId "2160767910413174"]
[EventDate "2008.03.13"]
[EventType "swiss"]
[EventRounds "8"]
[EventCountry "CAN"]
[SourceTitle "EXT 2011"]
[Source "ChessBase"]
[SourceDate "2011.11.26"]
[SourceVersion "1"]
[SourceVersionDate "2011.11.26"]
[SourceQuality "1"]

1. e4 e5 2. Nf3 f5 3. Nxe5 Nc6 4. Nxc6 dxc6 5. exf5 Bxf5 6. Bc4 Qd7 7. O-O O-O-O 8. d3 Nf6 9. Nc3 Bd6 10. Re1 Ng4 11. h3 Bh2+ 12. Kf1 Nxf2 13. Kxf2 Rhf8 14. g4 Be4+ 15. Ke3 Qd4+ 16. Kd2 Bf4+ 17. Ke2 Bf3+ 18. Kf1 Bd5 19. Qf3 Bg3 20. Be3 Rxf3+ 21. Kg2 Rf2+ 22. Kxg3 Rg2+ 23. Kh4 Qf6+ 24. Bg5 Qf2+ 25. Kh5 g6+ 26. Kh6 Qf8+ 27. Kxh7 Qf7+ 28. Kh6 Rh8# 0-1

[Event "Scarborough CC Spring Swiss"]
[Site "Toronto CAN"]
[Date "2008.04.10"]
[Round "5"]
[White "Arfin, Sam"]
[Black "Fan, Yibing"]
[Result "0-1"]
[WhiteElo "1689"]
[BlackElo "1822"]
[PlyCount "86"]
[GameId "2160767910413175"]
[EventDate "2008.03.13"]
[EventType "swiss"]
[EventRounds "8"]
[EventCountry "CAN"]
[SourceTitle "EXT 2011"]
[Source "ChessBase"]
[SourceDate "2011.11.26"]
[SourceVersion "1"]
[SourceVersionDate "2011.11.26"]
[SourceQuality "1"]

1. e4 c5 2. Nf3 Nc6 3. d4 cxd4 4. Nxd4 Nf6 5. Nc3 d6 6. Bc4 e6 7. Bb3 Bd7 8. Be3 Be7 9. O-O Na5 10. f4 Nxb3 11. axb3 e5 12. fxe5 dxe5 13. Nf5 Bxf5 14. Qxd8+ Bxd8 15. Rxf5 O-O 16. Bc5 Re8 17. Bd6 Bb6+ 18. Kf1 Ng4 19. Nd5 f6 20. Ke2 Kf7 21. h3 Nh6 22. Rf3 Ke6 23. Bb4 Nf7 24. h4 Rec8 25. c4 Bd4 26. Bc3 Bxc3 27. bxc3 Nd6 28. Kd3 b5 29. cxb5 Nxb5 30. Ra6+ Kf7 31. g4 Nc7 32. Nxc7 Rxc7 33. g5 Rac8 34. c4 Rb7 35. Kc2 Rcc7 36. gxf6 g6 37. h5 Rb6 38. Rxb6 axb6 39. hxg6+ hxg6 40. Kc3 Rc6 41. b4 b5 42. c5 Rxf6 43. Rxf6+ Kxf6 0-1

[Event "Scarborough CC Spring Swiss"]
[Site "Toronto CAN"]
[Date "2008.04.10"]
[Round "5"]
[White "Armstrong, Robert J"]
[Black "Douglas, Richard"]
[Result "0-1"]
[WhiteElo "1814"]
[BlackElo "1781"]
[PlyCount "52"]
[GameId "2160767910413176"]
[EventDate "2008.03.13"]
[EventType "swiss"]
[EventRounds "8"]
[EventCountry "CAN"]
[SourceTitle "EXT 2011"]
[Source "ChessBase"]
[SourceDate "2011.11.26"]
[SourceVersion "1"]
[SourceVersionDate "2011.11.26"]
[SourceQuality "1"]

1. d4 Nf6 2. c4 g6 3. Nc3 Bg7 4. e4 d6 5. f3 O-O 6. Be3 e5 7. d5 Nbd7 8. Nge2 a5 9. g4 Nc5 10. Ng3 Bd7 11. h4 c6 12. h5 cxd5 13. Nxd5 Nxd5 14. cxd5 Qb6 15. Qd2 Bb5 16. O-O-O Rfc8 17. Kb1 Bxf1 18. Rdxf1 a4 19. hxg6 fxg6 20. Rh2 a3 21. b4 Ra4 22. Rfh1 Rxb4+ 23. Ka1 Rb2 24. Qd1 Qb4 25. Ne2 Rxa2+ 26. Kxa2 Qb2# 0-1